01170nam a2200205 i 450000100060000000300090000600500170001500700030003200800410003510000490007624503430012526000880046830000500055665000270060665000360063370000440066985200870071399900170080095201470081740730ES-MaACL20250820063029.0t|030306s1880 sp ||||1| spa d1 aCarreras y Aragó, Luis, d1835-190793568510aExamen y mejora de la visión seguido de una serie de cuadros sinópticos de las diversas alteraciones en la refracción y en la acomodación del ojo, con las lentes destinadas a corregirlas, y de unas tablas y escala visuales cromáticas / cpor Luis Carreras Aragó ; ilustrado con grabados y cromos por... Ricardo de Vilallonga. aBarcelona : b[s.n.], c1880 (fEstab. Tip. de los Sucesores de N. Ramírez y Cª) a60, [38] p., [3] h. de lám. col. ; c30 cm.04aOftalmología.915693 4aÓptica fisiológica.91520401 aVilallonga Velasco, Ricardo de.9171732 aES-MaACLjT-664-F-8 z- Dedicatoria manuscrita del autor a Manuel Sáenz Díez c40730d40730 001040708Colección_de_folletosaATENEOMbATENEOMcDEPOFd2008-01-17eSCl0oT-664-F-8p1042879r2023-02-23 00:00:00w2023-02-23yFOLLETOS